000 00784nam a2200289Ia 4500
005 20260324145622.0
008 008 260324s9999 xx 000 0 eng d
020 _a9781315774886
037 _aEBOOK
040 _aCRL
040 _beng
040 _cCRL
041 _2eng
041 _aeng
084 _qCRL
100 _aLeonard Poon; James Fozard; Laird Cermak; David Arenberg; Larry Thompson
_91223596
245 0 _aNew Directions in Memory and Aging (PLE: Memory)
245 0 _bProceedings of the George A. Talland Memorial Conference
260 _bTaylor and Francis
260 _c1980
365 _a
365 _b89.99
856 _uhttp://www.taylorfrancis.com/books/9781315774886
942 _cEBOOK
999 _c1831756
_d1831756